000 00434nam a2200121Ia 4500
008 220620s9999||||xx |||||||||||||| ||und||
245 0 _aResearch Handbook on the Sociology of the Family
546 _aEnglish[eng]
650 _afamily||sociology||family diversity||fertility||marriage||cohabitation
700 _aSchneider, Norbert F.
856 _uhttps://www.elgaronline.com/view/edcoll/9781788975537/9781788975537.xml
942 _cEB
999 _c26724
_d26724